| 000 -LEADER |
| fixed length control field |
00820nam a2200265Ia 4500 |
| 001 - CONTROL NUMBER |
| control field |
21404 |
| 003 - CONTROL NUMBER IDENTIFIER |
| control field |
GE_BSU |
| 005 - DATE AND TIME OF LATEST TRANSACTION |
| control field |
20211110165151.0 |
| 008 - FIXED-LENGTH DATA ELEMENTS--GENERAL INFORMATION |
| fixed length control field |
181216s ||||enk|||||||||||||| ||eng|| |
| 020 ## - INTERNATIONAL STANDARD BOOK NUMBER |
| International Standard Book Number |
0471613762 |
| 040 ## - CATALOGING SOURCE |
| Transcribing agency |
GE_BSU |
| 080 ## - UNIVERSAL DECIMAL CLASSIFICATION NUMBER |
| Universal Decimal Classification number |
537.811 Cr-87 |
| 100 ## - MAIN ENTRY--PERSONAL NAME |
| Personal name |
Crane, Robert K. |
| 9 (RLIN) |
12895 |
| 245 ## - TITLE STATEMENT |
| Title |
Electromagnetic Wave Propagation Through Rain / |
| Statement of responsibility, etc. |
Robert K. Crane ; Editor Jin Au Kong. |
| 264 ## - PRODUCTION, PUBLICATION, DISTRIBUTION, MANUFACTURE, AND COPYRIGHT NOTICE |
| Place of production, publication, distribution, manufacture |
New York : |
| Name of producer, publisher, distributor, manufacturer |
John Wiley & Sons, Inc, |
| Date of production, publication, distribution, manufacture, or copyright notice |
1996. |
| 300 ## - PHYSICAL DESCRIPTION |
| Extent |
273 p. ; |
| Dimensions |
24 cm. |
| 440 ## - SERIES STATEMENT/ADDED ENTRY--TITLE |
| Title |
Wiley Series in remote sensing |
| 9 (RLIN) |
12896 |
| 500 ## - GENERAL NOTE |
| General note |
Bibl. p. : 261-269 ; Index. p. : 271-273 |
| 653 ## - INDEX TERM--UNCONTROLLED |
| keyword |
Electromagnetic Wave Propagation Through Rain |
| 653 ## - INDEX TERM--UNCONTROLLED |
| keyword |
физика |
| 653 ## - INDEX TERM--UNCONTROLLED |
| keyword |
ფიზიკა |
| 700 ## - ADDED ENTRY--PERSONAL NAME |
| Personal name |
Kong, Jin Au |
| Relator term |
Editor |
| 9 (RLIN) |
12897 |
| 942 ## - ADDED ENTRY ELEMENTS (KOHA) |
| Koha item type |
წიგნი |
| Source of classification or shelving scheme |
|